000 00613nam a2200229Ia 4500
008 160303s9999 xx 000 0 und d
020 _a0-07-242402-8
050 _aMAIN HM 263
050 _b.P83 2004
245 _aPublic relations :
245 _bthe profession and the practice /
245 _cDan Lattimore… [et al]
260 _aNew York :
260 _bMcGraw-Hill.
260 _c2004
300 _a390 page :
300 _c26 cm.
500 _aIncludes bibliographical references and index.
650 _aPublic relations --
650 _aPublic relations.
650 _xUnited States.
999 _c291099
_d291099